| 000 | 00530nam a2200193Ia 4500 | ||
|---|---|---|---|
| 005 | 20250923144707.0 | ||
| 008 | 008 250917s9999 xx 000 0 eng d | ||
| 037 | _aTextual | ||
| 040 |
_aDSWL _beng _cDSWL |
||
| 041 |
_aeng _2eng |
||
| 084 | _qDSWL | ||
| 100 |
_aSorokin, Pitinim A. _9827451 |
||
| 245 | 0 |
_aSocial and cultural mobility _cby Pitinim A.Sorokin |
|
| 260 |
_aGlencoe _b Illinois Free Press _c1959 |
||
| 300 | _axv,646p. | ||
| 700 |
_aA. _9827452 |
||
| 942 | _cTEXL | ||
| 999 |
_c1442137 _d1442137 |
||